[Event "Titled Tuesday intern op 5th May"]
[Site "Chess.com INT"]
[Date "2020.05.05"]
[Round "7"]
[White "Andreev, Eduard"]
[Black "Rithvik, Raja M"]
[Result "1-0"]
[WhiteElo "2422"]
[BlackElo "1729"]
[PlyCount "41"]
[EventDate "2020.05.05"]
[EventType "swiss (blitz)"]
[EventRounds "10"]
[EventCountry "USA"]
[SourceTitle "EXT 2021"]
[Source "ChessBase"]
[SourceDate "2020.10.23"]
[SourceVersion "1"]
[SourceVersionDate "2020.10.23"]
[SourceQuality "1"]

1. e4 c5 2. Nf3 d6 3. d4 cxd4 4. Nxd4 Nf6 5. Nc3 a6 6. Be3 e5 7. Nb3 Be6 8. f3 Nbd7 9. Qd2 Be7 10. g4 b5 11. 0-0-0 b4 12. Nd5 Bxd5 13. exd5 Nb6 14. Qxb4 Nfxd5 15. Bxb6 Nxb6 16. Kb1 0-0 17. h4 Qc7 18. g5 d5 19. Qg4 d4 20. Bd3 Nd5 21. Qe4 1-0

[Event "Titled Tuesday intern op 28th Apr"]
[Site "Chess.com INT"]
[Date "2020.04.28"]
[Round "4"]
[White "Rithvik, Raja M"]
[Black "Chigaev, Maksim"]
[Result "1-0"]
[WhiteElo "1729"]
[BlackElo "2588"]
[PlyCount "181"]
[EventDate "2020.04.28"]
[EventType "swiss (blitz)"]
[EventRounds "10"]
[EventCountry "USA"]
[SourceTitle "EXT 2021"]
[Source "ChessBase"]
[SourceDate "2020.10.23"]
[SourceVersion "1"]
[SourceVersionDate "2020.10.23"]
[SourceQuality "1"]

1. Nf3 Nf6 2. c4 g6 3. g3 Bg7 4. Bg2 0-0 5. 0-0 c6 6. d4 d5 7. b3 Bg4 8. Bb2 Nbd7 9. Nbd2 Bxf3 10. Nxf3 e6 11. e3 Qe7 12. Qe2 Rfd8 13. Rfc1 Rac8 14. a3 a6 15. b4 Nb6 16. Nd2 Na4 17. Rab1 Nxb2 18. Rxb2 e5 19. dxe5 Qxe5 20. Nf3 Qe7 21. Rbc2 dxc4 22. Qxc4 Nd5 23. h4 Nc7 24. h5 Nb5 25. Qb3 Nd6 26. a4 Bf6 27. Rd2 Ne4 28. Rxd8+ Rxd8 29. b5 cxb5 30. axb5 axb5 31. Qxb5 Nxg3 32. hxg6 hxg6 33. Rb1 Ne4 34. Qxb7 Rd1+ 35. Bf1 Rxb1 36. Qxb1 Kg7 37. Bd3 Nc3 38. Qb8 Qd7 39. Bf1 Qg4+ 40. Qg3 Qd7 41. Kg2 Qd5 42. Qg4 Nd1 43. Bc4 Qb7 44. Be2 Nc3 45. Bc4 Qc6 46. Bb3 Ne4 47. Ba2 Nc3 48. Bc4 Qb7 49. Bd3 Nd1 50. Be2 Nc3 51. Bc4 Qc7 52. Bd3 Qc6 53. Kg1 Qa8 54. Nd4 Qa1+ 55. Kg2 Qa8+ 56. Qf3 Qd8 57. Qg4 Qe7 58. Nf3 Kf8 59. Bc4 Qd8 60. Qh3 Kg7 61. Qg4 Qa8 62. Kg1 Qa1+ 63. Kg2 Qa8 64. Bd3 Qc6 65. Qc4 Qd6 66. Bf1 Nd5 67. Qg4 Qc5 68. Nd4 Bxd4 69. Qxd4+ Qxd4 70. exd4 Ne7 71. Kf3 f5 72. Kf4 Kf6 73. Bg2 g5+ 74. Ke3 Ng6 75. Bc6 Nf4 76. Kf3 Ke6 77. Ke3 Kf7 78. Bb7 Kf6 79. Bc8 Ng6 80. Bb7 Ne7 81. Kf3 g4+ 82. Ke3 Kg5 83. d5 f4+ 84. Ke4 Nf5 85. Bc6 f3 86. Ke5 g3 87. fxg3 f2 88. Bb5 Nxg3 89. d6 Kg4 90. d7 Nf5 91. d8Q 1-0

[Event "Titled Tuesday intern op 28th Apr"]
[Site "Chess.com INT"]
[Date "2020.04.28"]
[Round "8"]
[White "Savanovic, Aleksandar"]
[Black "Rithvik, Raja M"]
[Result "1-0"]
[WhiteElo "2410"]
[BlackElo "1729"]
[PlyCount "45"]
[EventDate "2020.04.28"]
[EventType "swiss (blitz)"]
[EventRounds "10"]
[EventCountry "USA"]
[SourceTitle "EXT 2021"]
[Source "ChessBase"]
[SourceDate "2020.10.23"]
[SourceVersion "1"]
[SourceVersionDate "2020.10.23"]
[SourceQuality "1"]

1. e4 c5 2. Nf3 d6 3. d4 cxd4 4. Nxd4 Nf6 5. Nc3 a6 6. Bg5 e6 7. f4 h6 8. Bh4 Qb6 9. Qd3 Qxb2 10. Rb1 Qa3 11. e5 dxe5 12. fxe5 Nd5 13. Nxd5 exd5 14. e6 Bb4+ 15. Kd1 0-0 16. Rb3 Qa5 17. Nf5 Bxe6 18. Nxg7 Bg4+ 19. Kc1 Kxg7 20. Qd4+ Kh7 21. Qxg4 Ba3+ 22. Kd1 f5 23. Rxb7+ 1-0

[Event "Titled Tuesday intern op 21st April"]
[Site "Chess.com INT"]
[Date "2020.04.21"]
[Round "1"]
[White "Rithvik, Raja M"]
[Black "Perrine, Dalton"]
[Result "1-0"]
[WhiteElo "1729"]
[BlackElo "2247"]
[PlyCount "115"]
[EventDate "2020.04.21"]
[EventType "swiss (blitz)"]
[EventRounds "10"]
[EventCountry "USA"]
[SourceTitle "EXT 2021"]
[Source "ChessBase"]
[SourceDate "2020.10.23"]
[SourceVersion "1"]
[SourceVersionDate "2020.10.23"]
[SourceQuality "1"]

1. e4 c5 2. Nf3 a6 3. d4 cxd4 4. Nxd4 Nf6 5. Nc3 e5 6. Nb3 Bb4 7. Bd2 0-0 8. Bd3 Nc6 9. 0-0 d6 10. Qe2 Re8 11. Rad1 Nd4 12. Nxd4 exd4 13. Nb1 Bc5 14. Bg5 h6 15. Bxf6 Qxf6 16. Nd2 d5 17. Qh5 Re5 18. Qf3 Qd8 19. exd5 Rxd5 20. Ne4 Bb6 21. Rfe1 Be6 22. Bc4 Rf5 23. Qh3 Re5 24. Bxe6 Rxe6 25. Qd3 Qe7 26. Re2 Re8 27. Rde1 Qb4 28. c3 dxc3 29. Nxc3 Qxb2 30. Rxb2 Rxe1+ 31. Qf1 Rxf1+ 32. Kxf1 Bd4 33. Rb3 b5 34. Nd5 Rd8 35. Nb4 Rd6 36. Rd3 Bc5 37. Rxd6 Bxd6 38. Nxa6 Kf8 39. Ke2 Ke7 40. Kd3 Kd7 41. Kd4 Kc6 42. g3 f6 43. Ke4 g6 44. g4 Be5 45. f4 Bd6 46. h4 Be7 47. h5 gxh5 48. gxh5 Bd6 49. f5 b4 50. Kd4 Kb6 51. Kd5 Be5 52. Nxb4 Kb5 53. Nd3 Bc3 54. Ke6 Ka4 55. Nf4 Ka3 56. Nd5 Bd4 57. Nxf6 Kxa2 58. Ng4 1-0

[Event "Titled Tuesday intern op 14th April"]
[Site "Chess.com INT"]
[Date "2020.04.14"]
[Round "7"]
[White "Zacarias Martinez, Ruben David"]
[Black "Rithvik, Raja M"]
[Result "0-1"]
[WhiteElo "2135"]
[BlackElo "1729"]
[PlyCount "62"]
[EventDate "2020.04.14"]
[EventType "swiss (blitz)"]
[EventRounds "10"]
[EventCountry "USA"]
[SourceTitle "EXT 2021"]
[Source "ChessBase"]
[SourceDate "2020.10.23"]
[SourceVersion "1"]
[SourceVersionDate "2020.10.23"]
[SourceQuality "1"]

1. d4 Nf6 2. Bf4 e6 3. Nc3 d5 4. e3 Bd6 5. Bg3 0-0 6. Nf3 c5 7. Ne5 Nc6 8. f4 Ne7 9. Bd3 b6 10. 0-0 Bb7 11. Nb5 Bb8 12. c3 a6 13. Na3 Nf5 14. Bf2 Nd6 15. Nc2 Nfe4 16. Be1 f6 17. Nf3 b5 18. Nd2 Nxd2 19. Bxd2 Ba7 20. Rf3 Ne4 21. Rh3 Qe8 22. Ne1 cxd4 23. exd4 e5 24. Nf3 exd4 25. cxd4 Qf7 26. Bc3 Rac8 27. Rc1 Rfe8 28. Bb1 Qc7 29. Nd2 Bxd4+ 30. Kf1 Bxc3 31. Nxe4 dxe4 0-1

[Event "Hyderabad Pearl City op"]
[Site "Hyderabad"]
[Date "2019.09.07"]
[Round "3"]
[White "Rajesh, VAV"]
[Black "Rithvik, Raja M"]
[Result "1-0"]
[WhiteElo "2389"]
[BlackElo "1729"]
[PlyCount "139"]
[EventDate "2019.09.06"]
[EventType "swiss"]
[EventRounds "11"]
[EventCountry "IND"]
[SourceTitle "EXT 2020"]
[Source "ChessBase"]
[SourceDate "2019.10.17"]
[SourceVersion "1"]
[SourceVersionDate "2019.10.17"]
[SourceQuality "1"]

1. d4 d5 2. c4 c6 3. Nf3 Nf6 4. e3 Bg4 5. Nbd2 Nbd7 6. Be2 e6 7. 0-0 Bd6 8. b3 0-0 9. Bb2 Qc7 10. h3 Bh5 11. Rc1 Rac8 12. c5 Be7 13. b4 b6 14. Qc2 Bg6 15. Bd3 Bxd3 16. Qxd3 a5 17. a3 Rb8 18. Bc3 axb4 19. axb4 Ra8 20. Ra1 Qb7 21. Qc2 h6 22. Rfb1 Rfb8 23. Ne1 Ne8 24. Nd3 Nc7 25. Nb3 Nb5 26. Bb2 bxc5 27. dxc5 Bf6 28. Na5 Qc7 29. Re1 Rd8 30. Bxf6 Nxf6 31. Qb2 Rdb8 32. Ne5 Na7 33. Ra4 Ne4 34. Nd3 Rb5 35. f3 Nf6 36. Qe5 Rc8 37. Rea1 Nd7 38. Qxc7 Rxc7 39. Nb3 Nc8 40. f4 Rbb7 41. Ra8 Kf8 42. Nd4 Nb8 43. f5 e5 44. Nxe5 Rxb4 45. Rf1 Kg8 46. f6 g6 47. Ne6 Rcb7 48. Nd8 Rc7 49. Nxg6 Nd7 50. Ne7+ Kh7 51. Rxc8 Rxc8 52. Nxc8 Rb8 53. Nxf7 Rxc8 54. Nd6 Rf8 55. f7 Kg6 56. Ra1 Ne5 57. Ra6 Kf6 58. Kf1 Ke6 59. Ke2 Kd7 60. Ra7+ Ke6 61. Rc7 Kf6 62. g4 Kg5 63. Re7 Nd7 64. Re8 Kf6 65. h4 Kg7 66. Nf5+ Kg6 67. Re7 Nf6 68. Nxh6 Kxh6 69. g5+ Kh7 70. gxf6 1-0

[Event "IND-ch U15"]
[Site "Tiruchengode"]
[Date "2019.07.11"]
[Round "4"]
[White "Samant, Aditya S"]
[Black "Rithvik, Raja M"]
[Result "1-0"]
[WhiteElo "2296"]
[BlackElo "1766"]
[PlyCount "55"]
[EventDate "2019.07.09"]
[EventType "swiss"]
[EventRounds "11"]
[EventCountry "IND"]
[SourceTitle "EXT 2020"]
[Source "ChessBase"]
[SourceDate "2019.10.17"]
[SourceVersion "1"]
[SourceVersionDate "2019.10.17"]
[SourceQuality "1"]

1. e4 c5 2. Nf3 d6 3. d4 cxd4 4. Nxd4 Nf6 5. Nc3 Nc6 6. Bg5 e6 7. Qd2 a6 8. 0-0-0 Bd7 9. f4 b5 10. Bxf6 gxf6 11. Kb1 Qb6 12. Nxc6 Bxc6 13. f5 b4 14. Ne2 Bxe4 15. fxe6 fxe6 16. Nf4 d5 17. Bd3 Bxd3 18. Qxd3 0-0-0 19. Rhe1 Rd6 20. Rxe6 Rxe6 21. Qf5 Qe3 22. Nxe6 Bh6 23. Qxd5 Kb8 24. Qd6+ Ka7 25. Qc7+ Ka8 26. Nc5 Rb8 27. Qc6+ Ka7 28. Qxa6# 1-0

[Event "New Delhi Parsvnath op-C 16th"]
[Site "New Delhi"]
[Date "2018.01.14"]
[Round "3"]
[White "Sathya, Naarayanan S"]
[Black "Rithvik, Raja M"]
[Result "1-0"]
[WhiteElo "1583"]
[BlackElo "1444"]
[PlyCount "61"]
[EventDate "2018.01.09"]
[EventType "swiss"]
[EventRounds "10"]
[EventCountry "IND"]
[SourceTitle "CBM 182 Extra"]
[Source "ChessBase"]
[SourceDate "2018.02.23"]
[SourceVersion "1"]
[SourceVersionDate "2018.02.23"]
[SourceQuality "1"]

1. d4 d5 2. c4 c6 3. Nc3 Nf6 4. Nf3 dxc4 5. e4 b5 6. e5 Nd5 7. a4 e6 8. Ng5 Be7 9. h4 h6 10. Nge4 b4 11. Nb1 Ba6 12. Qg4 Kf8 13. Rh3 Rg8 14. Rf3 Qe8 15. Nbd2 c3 16. Nc4 Bxc4 17. Bxc4 cxb2 18. Bxb2 Nd7 19. Qxe6 N7b6 20. Bd3 Bxh4 21. Qg4 Be7 22. a5 Nd7 23. Kf1 Qc8 24. Qh5 Qe8 25. Re1 f6 26. Qh3 Rh8 27. Bc4 Rd8 28. Bc1 Kg8 29. exf6 N7xf6 30. Nxf6+ gxf6 31. Rg3+ 1-0

[Event "Mumbai Wealth op 3rd"]
[Site "Mumbai"]
[Date "2018.01.01"]
[Round "3"]
[White "Rithvik, Raja M"]
[Black "Siddharth, Jagadeesh"]
[Result "0-1"]
[WhiteElo "1384"]
[BlackElo "1953"]
[PlyCount "72"]
[EventDate "2017.12.30"]
[EventType "swiss"]
[EventRounds "9"]
[EventCountry "IND"]
[SourceTitle "CBM 182 Extra"]
[Source "ChessBase"]
[SourceDate "2018.02.23"]
[SourceVersion "1"]
[SourceVersionDate "2018.02.23"]
[SourceQuality "1"]

1. e4 c5 2. Nf3 Nc6 3. d4 cxd4 4. Nxd4 g6 5. Nc3 Bg7 6. Be3 d6 7. f3 Nf6 8. Bc4 0-0 9. Qd2 Bd7 10. 0-0-0 Rc8 11. Bb3 a6 12. g4 b5 13. h4 h5 14. gxh5 Nxh5 15. Nd5 e6 16. Nxc6 Bxc6 17. Nf4 Qf6 18. c3 Nxf4 19. Bxf4 b4 20. c4 a5 21. Rdf1 a4 22. Bg5 Qe5 23. Bf4 Qa5 24. Bc2 d5 25. exd5 exd5 26. Bd6 dxc4 27. Bxb4 Qb5 28. a3 c3 29. bxc3 Rfd8 30. Qf4 Bd5 31. h5 Rxc3 32. h6 Rxc2+ 33. Kxc2 Qe2+ 34. Bd2 Bb3+ 35. Kc1 Rc8+ 36. Kb1 Qd3# 0-1